[Event "Balatonbereny"]
[Site "Balatonbereny"]
[Date "1995.??.??"]
[Round "1"]
[White "Fogarasi, Tibor"]
[Black "Bezold, Michael"]
[Result "1/2-1/2"]
[WhiteElo "2515"]
[BlackElo "2490"]

1.e4 c5 2.Nf3 e6 3.d4 cxd4 4.Nxd4 a6 5.Bd3 Bc5 6.Nb3 Ba7 7.Nc3 Nc6 8.Qe2 d6
9.Be3 Nf6 10.O-O b5 11.f4 e5 12.a4 b4 13.Nd5 O-O 14.f5 Nxd5 15.exd5 Ne7 16.Bxa7 Rxa7
17.Qe4 a5 18.f6 Ng6 19.h4 Qb6+ 20.Kh1 h5 21.Nd2 Qc5 22.Nc4 Rd8 23.Rae1 Bb7
24.Ne3 Qd4 25.g3 Qxe4+ 26.Bxe4 Bc8 27.Kg2 Rc7 28.Re2 gxf6  1/2-1/2

[Event "Regionalliga NO9495"]
[Site "Bayern"]
[Date "1995.??.??"]
[Round "1"]
[White "Hepting, Heinrich"]
[Black "Gross, Stefan"]
[Result "0-1"]
[WhiteElo "2095"]
[BlackElo "2370"]

1.e4 c5 2.Nf3 e6 3.d4 cxd4 4.Nxd4 a6 5.Bd3 Nc6 6.Nxc6 bxc6 7.O-O d6 8.c4 Nf6
9.Nc3 Be7 10.Qe2 Nd7 11.Be3 Ne5 12.Bc2 c5 13.Rad1 Bd7 14.Kh1 Qc7 15.b3 Nc6
16.Bb1 Bf6 17.Bd2 Nd4 18.Qd3 Bc6 19.Rde1 O-O-O 20.Bf4 g5 21.Be3 Qb7 22.Ne2 Nxe2
23.Rxe2 g4 24.Bf4 h5 25.Rd1 Bd4 26.Qg3 h4 27.Qxg4 h3 28.gxh3 Rhg8 29.Qh5 f5
30.f3 Qg7 31.Bg3 f4 32.Qg4 fxg3 33.Qxe6+ Bd7  0-1

[Event "Regionalliga NO9495"]
[Site "Bayern"]
[Date "1995.??.??"]
[Round "4"]
[White "Steibl, Hans Dieter"]
[Black "Herzog, Klaus"]
[Result "1/2-1/2"]
[WhiteElo "2030"]
[BlackElo "2055"]

1.e4 c5 2.Nf3 e6 3.d4 cxd4 4.Nxd4 a6 5.Bd3 Qc7 6.O-O Nf6 7.Nd2 Be7 8.Qe2 d6
9.N2f3 Nbd7 10.Bd2 O-O 11.c4 b6 12.Rac1 Bb7 13.Ng5 Nc5 14.f3 h6 15.Nh3 Nxd3
16.Qxd3 Rfd8 17.Nf4 Qd7 18.Nfe2 Qe8 19.Be3 Nd7 20.Qd2 Bf8 21.Ng3 Rac8 22.b3 d5
23.cxd5 exd5 24.Rxc8 Rxc8 25.exd5 Bxd5 26.Ndf5 Be6 27.Re1 Bxf5 28.Nxf5 Qe6
29.Ng3 Qc6 30.Rc1  1/2-1/2

[Event "Regionalliga SO9495"]
[Site "Bayern"]
[Date "1995.??.??"]
[Round "5"]
[White "Bensch, Patrick"]
[Black "Koehl, Franz Xaver"]
[Result "1-0"]
[WhiteElo "2025"]
[BlackElo "2065"]

1.e4 c5 2.Nf3 e6 3.d4 cxd4 4.Nxd4 a6 5.Bd3 Bc5 6.Nb3 Ba7 7.Nc3 Nc6 8.Qe2 d6
9.Be3 Bxe3 10.Qxe3 Nf6 11.O-O-O Qc7 12.f4 O-O 13.Rhg1 b5 14.g4 Bb7 15.g5 Ne8
16.Qh3 Nb4 17.Kb1 Nxd3 18.cxd3 g6 19.f5 exf5 20.exf5 Qd7 21.Nd4 d5 22.Rg4 Ng7
23.Rh4 Nh5 24.Rxh5 gxh5 25.Qxh5 Kh8 26.Rg1 Rg8 27.Rg4 f6 28.g6 Rg7 29.Ne6 Rag8
30.Ne2 d4 31.Nxg7 Rxg7 32.gxh7 Rxg4 33.Qxg4 Qxh7 34.h4 Qe7 35.Qh5+ Kg8 36.Qg4+ Kf8
37.Nf4 Qe1+ 38.Kc2 Qf2+ 39.Kb3 Bf3 40.Ne6+ Ke8 41.Qg8+ Kd7 42.Qd8+ Kc6 43.Qc7+  1-0

[Event "Berliner Sommer"]
[Site "Berlin"]
[Date "1995.??.??"]
[Round "6"]
[White "Scholz, Christian"]
[Black "Chuchelov, Vladimir"]
[Result "0-1"]
[WhiteElo "2230"]
[BlackElo "2550"]

1.e4 c5 2.Nf3 e6 3.d4 cxd4 4.Nxd4 a6 5.Bd3 Nf6 6.O-O Qc7 7.Nc3 Bc5 8.Nb3 Be7
9.a4 Nc6 10.a5 O-O 11.Be3 d5 12.Bb6 Qf4 13.exd5 exd5 14.Ra4 Nb4 15.Re1 Bd6
16.g3 Qg4 17.Be2 Qg6 18.Bc5 Bxc5 19.Nxc5 Nc6 20.Nxd5 Nxd5 21.Qxd5 Re8 22.Rd1 Bf5
23.Bd3 Rad8 24.Qb3 Qh5 25.Rda1 Nd4 26.Rxd4 Rxd4 27.Qxb7 Bh3 28.b4 Qe5 29.Bf1 Rd7
30.Nxd7 Qxa1 31.Qxa6 Bxf1  0-1

[Event "Bern op"]
[Site "Bern"]
[Date "1995.??.??"]
[Round "9"]
[White "Wahls, Matthias"]
[Black "Miezis, Normunds"]
[Result "0-1"]
[WhiteElo "2555"]
[BlackElo "2435"]

1.e4 c5 2.Nf3 e6 3.d4 cxd4 4.Nxd4 a6 5.Bd3 Nc6 6.Nxc6 dxc6 7.Nd2 e5 8.Nc4 Nf6
9.O-O Qc7 10.a4 Be6 11.Qf3 Bxc4 12.Bxc4 Bc5 13.a5 O-O 14.c3 Rfd8 15.Bg5 Qe7
16.b4 Ba7 17.Rad1 h6 18.Bc1 Rxd1 19.Rxd1 Rd8 20.Rxd8+ Qxd8 21.h3 Qe7 22.g3 Ne8
23.Kg2 Qf6 24.Qxf6 Nxf6 25.Bd3 Kf8 26.f4 Nd7 27.Kf3 Ke7 28.Bf1 Ke8 29.h4 Ke7
30.Bh3 Ke8 31.Ke2 Ke7 32.Ba3 Ke8 33.Bc1 Ke7 34.Bb2 Bb8 35.Kf3 Bd6 36.Bf1 Ke8
37.Bc1 Ke7 38.Be3 Ke8 39.Bh3 Ke7 40.Bd2 Bb8 41.c4 Bd6 42.Bc3 Bc7 43.Bf1 Bd6
44.b5 f6 45.bxc6 bxc6 46.Kg4 Bc5 47.Kf5 Kf7 48.h5 Bd4 49.Bxd4 exd4 50.e5 Nc5
51.Bg2 d3 52.Bxc6 d2 53.Bd5+ Ne6  0-1

[Event "Biel op"]
[Site "Biel"]
[Date "1995.??.??"]
[Round "3"]
[White "Klovans, Janis"]
[Black "Landa, Konstantin"]
[Result "1-0"]
[WhiteElo "2485"]
[BlackElo "2515"]

1.e4 c5 2.Nf3 e6 3.d4 cxd4 4.Nxd4 a6 5.Bd3 g6 6.Nc3 Bg7 7.Be3 Ne7 8.O-O d5
9.exd5 Nxd5 10.Nxd5 Qxd5 11.Be2 O-O 12.Bf3 Qd8 13.c3 Qc7 14.Qb3 Nd7 15.Rfd1 Ne5
16.Be2 Bd7 17.a4 h5 18.Nf3 Bc6 19.Qb6 Qb8 20.Nxe5 Bxe5 21.h3 Bh2+ 22.Kf1 Bc7
23.Qd4 b6 24.Kg1 Bh2+ 25.Kh1 Bc7 26.Qh4 Qb7 27.Qf6 Bxg2+ 28.Kg1 Bxh3 29.Bf3 Qb8
30.Rd7 Bh2+ 31.Kh1 Be5 32.Qg5 Bf5 33.Bxh5 Ra7 34.Rxa7 Qxa7 35.Bf3 Qc7 36.Kg2 b5
37.axb5 axb5 38.Rh1 Rd8 39.Qh4 Bg7 40.Bd4 e5 41.Be3 Kf8 42.Bg5 Rd3 43.Bf6  1-0

[Event "Biel op"]
[Site "Biel"]
[Date "1995.??.??"]
[Round "5"]
[White "Sakhatova, Elvira"]
[Black "Gipslis, Aivars"]
[Result "0-1"]
[WhiteElo "2340"]
[BlackElo "2445"]

1.e4 c5 2.Nf3 e6 3.d4 cxd4 4.Nxd4 a6 5.Bd3 g6 6.c4 Bg7 7.Be3 d5 8.exd5 exd5
9.Nc3 Nf6 10.O-O O-O 11.h3 Nbd7 12.Nf3 dxc4 13.Bxc4 b5 14.Bb3 Bb7 15.Re1 Qa5
16.Bd2 b4 17.Na4 Ne4 18.Bxb4 Qxb4 19.Qxd7 Nxf2 20.Kxf2 Bxf3 21.Qe7 Qf4 22.gxf3 Qh2+
23.Kf1 Qxh3+ 24.Ke2 Qh2+ 25.Kd3 Rfd8+ 26.Ke4 Rd4+  0-1

[Event "Biel op"]
[Site "Biel"]
[Date "1995.??.??"]
[Round "11"]
[White "Al Modiahki, Mohamad"]
[Black "Miezis, Normunds"]
[Result "0-1"]
[WhiteElo "2445"]
[BlackElo "2505"]

1.e4 c5 2.Nf3 e6 3.d4 cxd4 4.Nxd4 a6 5.Bd3 Nc6 6.Nxc6 dxc6 7.Nd2 e5 8.Qh5 Bd6
9.Nc4 Nf6 10.Nxd6+ Qxd6 11.Qe2 Be6 12.O-O O-O 13.a4 b5 14.b3 Nd7 15.Bb2 Rfd8
16.Rfd1 Qc5 17.Qe1 Qb6 18.Bc3 Rdc8 19.Bf1 c5 20.axb5 axb5 21.Rxa8 Rxa8 22.Ra1 Rc8
23.g3 h6 24.Qe3 Qc6 25.Ra5 b4 26.Ra6 Qc7 27.Bb2 Nf8 28.f3 c4 29.Rxe6 c3 30.Bxc3 fxe6
31.Bxb4 Qxc2 32.Qd3 Qb2 33.Be7 Kf7 34.Bb4 Rc2 35.h4 Qa2 36.Be1 Qa7+ 37.Kh1 Rc1  0-1

[Event "Bled op"]
[Site "Bled"]
[Date "1995.??.??"]
[Round "2"]
[White "Furlan, Miha"]
[Black "Sulava, Nenad"]
[Result "0-1"]
[WhiteElo "2300"]
[BlackElo "2420"]

1.e4 c5 2.Nf3 e6 3.d4 cxd4 4.Nxd4 a6 5.Bd3 b6 6.O-O Bb7 7.Qe2 d6 8.c4 Nf6
9.b3 g6 10.Nc3 Nbd7 11.Rd1 Bg7 12.Be3 O-O 13.Rac1 Re8 14.Bb1 Rc8 15.Qd2 Ng4
16.Bg5 f6 17.Be3 Qe7 18.Nde2 Nxe3 19.Qxe3 Bc6 20.Nd4 Ba8 21.Nde2 Rb8 22.Rc2 Ne5
23.Rcd2 Nf7 24.Qh3 f5 25.Qg3 Kh8 26.a4 Rbd8 27.h3 Bh6 28.f4 Rg8 29.Qf2 g5
30.exf5 gxf4 31.Nxf4 Ne5 32.Kf1 Nf3 33.Rd4 Nxd4 34.Qxd4+ e5 35.Nfd5 exd4
36.Nxe7 Bxg2+ 37.Kf2 dxc3 38.Nxg8 Rxg8 39.Rxd6 Bf8 40.Re6 Bc5+  0-1

[Event "Bodensee-Cup"]
[Site "Bodensee"]
[Date "1995.??.??"]
[Round "?"]
[White "Unzicker, Wolfgang"]
[Black "Vatter, Hans Joachim"]
[Result "1/2-1/2"]
[WhiteElo "2440"]
[BlackElo "2345"]

1.e4 c5 2.Nf3 e6 3.d4 cxd4 4.Nxd4 a6 5.Bd3 Nf6 6.O-O Qc7 7.Qe2 d6 8.c4 Be7
9.b3 Nbd7 10.Bb2 b6 11.Nd2 Bb7 12.f4 h5 13.b4 Rc8 14.a3 Qb8 15.Rac1 Qa7 16.Kh1 h4
17.Bc2 Qa8 18.Kg1 Qa7 19.e5 dxe5 20.fxe5 Nh5 21.Be4 Bxe4 22.Qxe4 Qa8 23.Qxa8 Rxa8
24.Ne4 Nxe5 25.Nxe6 fxe6 26.Bxe5 Rf8 27.Rxf8+ Kxf8 28.Bc7 Bd8 29.Rf1+ Kg8
30.Bd6 Bf6 31.g4 hxg3 32.hxg3 Rc8 33.c5 Bd4+ 34.Kg2 bxc5 35.Bxc5  1/2-1/2

[Event "SWE-ch"]
[Site "Borlange"]
[Date "1995.??.??"]
[Round "4"]
[White "Moberg, Karl Johan"]
[Black "Sjoberg, Mats"]
[Result "1-0"]
[WhiteElo "2420"]
[BlackElo "2450"]

1.e4 c5 2.Nf3 e6 3.d4 cxd4 4.Nxd4 a6 5.Bd3 Bc5 6.Nb3 Ba7 7.Qe2 Nc6 8.Be3 d6
9.N1d2 Nf6 10.Bxa7 Rxa7 11.O-O e5 12.Rfd1 O-O 13.Nc4 Bg4 14.f3 Be6 15.Qf2 Bxc4
16.Bxc4 Qc7 17.Bd5 Raa8 18.c4 Rac8 19.Rac1 b6 20.Bxc6 Qxc6 21.Nd2 b5 22.Nf1 bxc4
23.Ne3 Qa4 24.Nf5 Rcd8 25.Qh4 g6 26.Qxf6 gxf5 27.Qg5+ Kh8 28.Qf6+ Kg8 29.exf5 Qxa2
30.Qg5+ Kh8 31.Qf6+ Kg8 32.h4 Rd7 33.Qg5+ Kh8 34.Qf6+ Kg8 35.Re1 h6 36.Re4 Kh7
37.Rg4 Rg8 38.Rcxc4  1-0

[Event "SWE-ch"]
[Site "Borlange"]
[Date "1995.??.??"]
[Round "9"]
[White "Moberg, Karl Johan"]
[Black "Akesson, Ralf"]
[Result "1/2-1/2"]
[WhiteElo "2420"]
[BlackElo "2465"]

1.e4 c5 2.Nf3 e6 3.d4 cxd4 4.Nxd4 a6 5.Bd3 Nf6 6.O-O Qc7 7.Qe2 d6 8.c4 Nbd7
9.b3 b6 10.Bb2 Bb7 11.Nc3 g6 12.Rad1 Bg7 13.Bb1 O-O 14.Kh1 Rfe8 15.Qd2 Rad8
16.f3 d5 17.exd5 exd5 18.cxd5 Nxd5 19.Nxd5 Bxd5 20.Nf5 Bxb2 21.Qxb2 Qe5 22.Qxe5 Nxe5
23.Ne3 Bc6 24.Rxd8 Rxd8 25.Kg1 Kf8 26.Rd1 Rxd1+ 27.Nxd1 Ke7 28.Kf2 Kd6 29.Ke3 Kc5
30.a3 a5 31.Nb2 Bb5 32.Bd3 Nxd3 33.Nxd3+ Kd5 34.Nf4+ Ke5 35.Nd3+ Kf5 36.Nb2 Ke5
37.Nd3+ Kd6 38.Kd4 Bxd3 39.Kxd3 Kd5 40.a4 Kc5 41.Kc3 g5 42.Kd3 Kd5  1/2-1/2

[Event "SWE-ch"]
[Site "Borlange"]
[Date "1995.??.??"]
[Round "13"]
[White "Moberg, Karl Johan"]
[Black "Astrom, Robert"]
[Result "1/2-1/2"]
[WhiteElo "2420"]
[BlackElo "2395"]

1.e4 c5 2.Nf3 e6 3.d4 cxd4 4.Nxd4 a6 5.Bd3 Bc5 6.Nb3 Ba7 7.Qe2 Nc6 8.Be3 Nge7
9.Nc3 d6 10.O-O O-O 11.Rad1 Ng6 12.f4 e5 13.Bxa7 Rxa7 14.f5 Nf4 15.Qe3 Ra8
16.g3 Nxd3  1/2-1/2

[Event "Bratislava op"]
[Site "Bratislava"]
[Date "1995.??.??"]
[Round "1"]
[White "Zakovic, Jozef"]
[Black "Lakatos, Vladimir"]
[Result "1/2-1/2"]
[WhiteElo "1875"]
[BlackElo "2065"]

1.e4 c5 2.Nf3 e6 3.d4 cxd4 4.Nxd4 a6 5.Bd3 Qc7 6.O-O Nf6 7.a4 Bd6 8.g3 Nc6
9.Be3 h5 10.Nxc6 dxc6 11.Nd2 Ng4 12.Nc4 Nxe3 13.Nxe3 g5 14.Nc4 Bc5 15.e5 Bd7
16.a5 O-O-O 17.c3 Kb8 18.b4 Be7 19.Qe2 f5 20.exf6 Bxf6 21.Rac1 e5 22.Be4 Be6
23.Rfd1 g4 24.Nb6 Bg5 25.Rb1 Ka7 26.c4 Rxd1+ 27.Rxd1 Rd8 28.Rxd8 Qxd8 29.b5 cxb5
30.cxb5 Qd2 31.Qxd2 Bxd2 32.bxa6 Bxa5 33.Bd5 Bxd5 34.Nxd5 b5 35.f4 gxf3 36.Kf2 e4
37.Ke3 b4 38.Kxe4 f2 39.Ne3 b3 40.Kd3  1/2-1/2

[Event "RUS-chT"]
[Site "Briansk"]
[Date "1995.??.??"]
[Round "5"]
[White "Stripunsky, Alexander"]
[Black "Nikuljshin, Konstantin"]
[Result "0-1"]
[WhiteElo "2495"]
[BlackElo "2385"]

1.e4 c5 2.Nf3 e6 3.d4 cxd4 4.Nxd4 a6 5.Bd3 Nf6 6.O-O Qc7 7.Be3 Nc6 8.Nc3 b5
9.a3 Bb7 10.Kh1 Ne5 11.f4 Nxd3 12.cxd3 Be7 13.Rc1 Qd8 14.e5 Nd5 15.Nxd5 Bxd5
16.f5 Bg5 17.Qd2 h6 18.f6 gxf6 19.Bxg5 fxg5 20.Rc5 Rc8 21.Rxd5 exd5 22.Nf5 Rc6
23.Qb4 Rg8 24.Nd6+ Rxd6 25.exd6 f6 26.Qg4 Kf7 27.Qf5 Kg7 28.Qxd5 Re8 29.Qb7 Re2
30.h3 Qe8 31.Qxa6 Rxb2 32.Qb7 Qe6 33.a4 Qxd6 34.a5 b4 35.a6 Ra2 36.a7 Qc6
37.Qxc6 dxc6 38.Rb1 Rxa7 39.Rxb4 Ra1+ 40.Kh2 Rc1 41.Rb7+ Kg6 42.Kg3 Rc3 43.Rd7 Kf5
44.Rd8 h5 45.Kf3 h4 46.Ke3 c5 47.Rc8 Rc2 48.Kf3 Ke5 49.Rd8 Rd2 50.g3 Rh2
51.Rc8 Kd4 52.Rd8+ Ke5 53.Re8+ Kf5 54.gxh4 Rxh3+ 55.Ke2 Rxh4 56.Rc8 Kg4 57.Rxc5 f5
58.d4 f4 59.d5 Rh6 60.Rc6 Rh2+ 61.Ke1 Kg3 62.d6 Rh7 63.Rc7 Rh6 64.Rc6 Re6+
65.Kd2 Re8 66.d7 Rd8 67.Rd6 g4 68.Ke1 Kg2 69.Rd4 g3 70.Rd2+ Kh1 71.Rd1 f3
72.Rd5 Kg1  0-1

[Event "RUS-chT"]
[Site "Briansk"]
[Date "1995.??.??"]
[Round "7"]
[White "Ovetchkin, Roman"]
[Black "Nikuljshin, Konstantin"]
[Result "1-0"]
[WhiteElo "2320"]
[BlackElo "2385"]

1.e4 c5 2.Nf3 e6 3.d4 cxd4 4.Nxd4 a6 5.Bd3 Nf6 6.O-O Qc7 7.Nc3 b5 8.Re1 d6
9.Bg5 Nc6 10.Nxc6 Qxc6 11.a4 b4 12.Nd5 Nxd5 13.exd5 Qc5 14.dxe6 Qxg5 15.Qf3 Ra7
16.exf7+ Kd8 17.Be4 a5 18.Bd5 Qf5 19.Qe3 Qxd5 20.Qxa7 Bb7 21.f3 Qxf7 22.Qxa5+ Kc8
23.Qxb4 d5 24.Qb5 Kc7 25.Rad1  1-0

[Event "Brno-A"]
[Site "Brno"]
[Date "1995.??.??"]
[Round "5"]
[White "Kountz, Jochen"]
[Black "Berezjuk, Sergej"]
[Result "1/2-1/2"]
[WhiteElo "2265"]
[BlackElo "2385"]

1.e4 c5 2.Nf3 e6 3.d4 cxd4 4.Nxd4 a6 5.Bd3 g6 6.O-O Bg7 7.Be3 Ne7 8.Nd2 d6
9.f4 Nbc6 10.c3 Nxd4 11.cxd4 O-O 12.Nf3 Bd7 13.Qb3 Bc6 14.g4 Qd7 15.h3 Kh8
16.Rae1 Rac8 17.Rf2 b5 18.Kh2 Ba8 19.Qd1 f5 20.gxf5 exf5 21.d5 fxe4 22.Bxe4 Nf5
23.Ng5 Rc4 24.b3 Nxe3 25.Rxe3 Bd4 26.Ref3 Bxf2 27.bxc4 Bh4 28.Ne6 Rc8 29.f5 Bf6
30.fxg6 Be5+ 31.Kh1 hxg6  1/2-1/2

[Event "Brussels op"]
[Site "Brussels"]
[Date "1995.??.??"]
[Round "?"]
[White "Geenen, Marc"]
[Black "Dutreeuw, Marc"]
[Result "1/2-1/2"]
[WhiteElo "2295"]
[BlackElo "2380"]

1.e4 c5 2.Nf3 e6 3.d4 cxd4 4.Nxd4 a6 5.Bd3 Nf6 6.O-O Qc7 7.Qe2 d6 8.f4 Nbd7
9.c4 Be7 10.Nc3 b6 11.Nf3 Bb7 12.e5 dxe5 13.fxe5 Ng4 14.Be4 h5 15.Bxb7 Qxb7
16.Bg5 Bxg5 17.Nxg5 Ndxe5 18.h3 Qe7 19.Nxf7 Nxf7 20.hxg4 hxg4 21.Rae1 Rh6
22.Qxg4 O-O-O 23.Ne4 Ne5 24.Qg5 Qc7 25.Nd6+ Qxd6 26.Qxe5 Qxe5 27.Rxe5 Rd2
28.Rg5 Rd7 29.Kf2 Kc7 30.Ke2 Kc6  1/2-1/2

[Event "Budapest FS07 IM-A"]
[Site "Budapest"]
[Date "1995.??.??"]
[Round "?"]
[White "Turzo, Attila"]
[Black "Orso, Miklos"]
[Result "0-1"]
[WhiteElo "2310"]
[BlackElo "2400"]

1.e4 c5 2.Nf3 e6 3.d4 cxd4 4.Nxd4 a6 5.Bd3 Qc7 6.O-O b5 7.a4 b4 8.Nd2 Bb7
9.f4 Nc6 10.Nxc6 Qxc6 11.Kh1 h5 12.Qe2 h4 13.Nc4 a5 14.f5 Nf6 15.Ne5 Qc7
16.Nf3 h3 17.e5 Ng4 18.Bf4 Bc5 19.Rae1 Qb6 20.gxh3 Nf2+ 21.Kg2 Nxd3 22.Qxd3 Ba6
23.Qe4 Bxf1+ 24.Rxf1 Rc8 25.fxe6 dxe6 26.Bg5 Qc6 27.Qg4 Qxa4 28.b3 Qd7  0-1

[Event "Budapest Elekes"]
[Site "Budapest"]
[Date "1995.??.??"]
[Round "1"]
[White "McDonald, Neil R"]
[Black "Izsak, Gyula"]
[Result "1-0"]
[WhiteElo "2460"]
[BlackElo "2445"]

1.e4 c5 2.Nf3 e6 3.d4 cxd4 4.Nxd4 a6 5.Bd3 Nf6 6.O-O d6 7.Qe2 Be7 8.b3 O-O
9.Bb2 Nbd7 10.c4 Nc5 11.Bc2 e5 12.Nf5 Bxf5 13.exf5 Re8 14.Nc3 Qb6 15.Rad1 Rad8
16.g4 h6 17.h4 Nh7 18.Nd5 Qc6 19.b4 Nd7 20.Be4 Qc8 21.Nxe7+ Rxe7 22.Rxd6 Ndf6
23.Rxd8+ Qxd8 24.Bg2 e4 25.Rd1 Qc7 26.Bxf6 Nxf6 27.g5 hxg5 28.hxg5 Ne8 29.Rd4 Nd6
30.Qg4 Nxc4 31.f6 Re6 32.g6 Rxf6 33.gxf7+ Rxf7 34.Bxe4 Ne5 35.Qg5 Nf3+ 36.Bxf3 Rxf3
37.Rd8+ Rf8 38.Qd5+ Qf7 39.Qxf7+ Kxf7 40.Rd7+ Kg8 41.Rxb7 Rf3 42.a4 Rf4 43.a5 Kh7
44.Rb6 g6 45.Kg2 Kg7 46.Kg3 g5 47.Rxa6 Rxb4 48.Rb6 Ra4 49.a6 Kf7 50.Kf3 Ke7
51.Ke3 Ra2 52.Ke4 Rxf2 53.Rh6  1-0

[Event "Budapest FS02 IM-B"]
[Site "Budapest"]
[Date "1995.??.??"]
[Round "1"]
[White "Lengyel, Bela"]
[Black "Izsak, Gyula"]
[Result "1-0"]
[WhiteElo "2320"]
[BlackElo "2445"]

1.e4 c5 2.Nf3 e6 3.d4 cxd4 4.Nxd4 a6 5.Bd3 Qc7 6.O-O Nf6 7.Qe2 d6 8.c4 Be7
9.b3 O-O 10.Bb2 Nc6 11.Nxc6 Qxc6 12.Nc3 b6 13.f4 Bb7 14.Rf3 b5 15.Rh3 bxc4
16.bxc4 h6 17.Rg3 Qc5+ 18.Kh1 Qh5 19.Rf3 Rab8 20.Rg1 Rfe8 21.Qd2 Bd8 22.Rh3 Qc5
23.Qe2 d5 24.e5 dxc4 25.Bc2 Nd5 26.Nxd5 Bxd5 27.Ba3 Qa5 28.Rg3 Bh4 29.Rxg7+ Kxg7
30.Qg4+ Bg5 31.fxg5 h5 32.Qf4 Qxa3 33.Qf6+ Kg8 34.Bh7+ Kxh7 35.Qxf7+ Kh8
36.g6 Bxg2+ 37.Kxg2 Rb2+ 38.Kh1  1-0

[Event "Budapest FS11 IM-B"]
[Site "Budapest"]
[Date "1995.??.??"]
[Round "2"]
[White "Peretz, Malkiel"]
[Black "Meixner, Ferenc"]
[Result "1-0"]
[WhiteElo "2280"]
[BlackElo "2215"]

1.e4 c5 2.Nf3 e6 3.d4 cxd4 4.Nxd4 a6 5.Bd3 Nf6 6.O-O Qc7 7.Qe2 d6 8.Nc3 Be7
9.Kh1 O-O 10.f4 Nfd7 11.Rf3 Nc6 12.Nxc6 bxc6 13.Be3 Re8 14.Raf1 Bf6 15.Rh3 Qa5
16.e5 dxe5 17.Bxh7+ Kf8 18.Be4 exf4 19.Bxf4 e5 20.Bxc6 Rb8 21.Bd2 Qc5 22.Nd5 g6
23.Rc3 Qd6 24.Bxd7 Bxd7 25.Nxf6 Bb5 26.Nxe8 Kxe8 27.Rd3 Bxd3 28.Qxd3 Qxd3
29.cxd3 Rxb2 30.Bc3 Rxa2 31.Bxe5 Ke7 32.h3 Ke6 33.Bg7 a5  1-0

[Event "Budapest FS09 GM"]
[Site "Budapest"]
[Date "1995.??.??"]
[Round "2"]
[White "Cao Sang"]
[Black "Votava, Jan"]
[Result "0-1"]
[WhiteElo "2420"]
[BlackElo "2440"]

1.e4 c5 2.Nf3 e6 3.d4 cxd4 4.Nxd4 a6 5.Bd3 Bc5 6.Nf3 d6 7.O-O Nf6 8.c4 O-O
9.Nc3 Nbd7 10.Na4 Ba7 11.Bf4 e5 12.Bd2 Rb8 13.Nc3 Nc5 14.Bg5 h6 15.Be3 Ng4
16.Bxc5 Bxc5 17.Qd2 Nf6 18.a3 Be6 19.Rac1 Qe7 20.h3 Ba7 21.Rfd1 Rfc8 22.b3 Bc5
23.b4 Ba7 24.Nd5 Nxd5 25.cxd5 Bd7 26.Rxc8+ Rxc8 27.Rc1 Rxc1+ 28.Qxc1 Qd8
29.Qb2 Qb6 30.Ne1 g6 31.Bb1 Kg7 32.Qd2 f5 33.Nc2 f4 34.Ne1 g5 35.Nf3 Kf6
36.Bd3 h5 37.Kf1 g4 38.hxg4 hxg4 39.Ne1 Kg6 40.Qc2 Qd4 41.Bc4 Ba4 42.Qa2 g3
43.Nd3 gxf2 44.Nxf2 Qe3 45.Kg1 Qe1+  0-1

[Event "Budapest FS04 IM"]
[Site "Budapest"]
[Date "1995.??.??"]
[Round "3"]
[White "Mah, Karl"]
[Black "Orso, Miklos"]
[Result "1/2-1/2"]
[WhiteElo "2170"]
[BlackElo "2380"]

1.e4 c5 2.Nf3 e6 3.d4 cxd4 4.Nxd4 a6 5.Bd3 Qc7 6.c4 Nc6 7.Nf3 b5 8.a3 Nf6
9.cxb5 axb5 10.O-O Nb4 11.Bg5 Nxd3 12.Qxd3 Qc4 13.Qxc4 bxc4 14.Nc3 Bb7 15.Rfe1 d6
16.Nd2 Rc8 17.Rac1 Nd7 18.a4 Ne5 19.Re2 h6 20.Bh4 Nd3 21.Rc2 Kd7 22.Nb5 Nf4
23.Re1 d5 24.exd5 Bxd5 25.f3 Bc5+ 26.Kf1 g5 27.Bg3 Bb4 28.Bxf4 gxf4 29.Rec1 Bxd2
30.Rxd2 Ke7 31.Rd4 Rhd8 32.Rxf4 e5 33.Rh4 Be6 34.Ke2 Rd3 35.Re4 Rcd8 36.Kf2 Rb3
37.Re2 Kf8 38.Ra1 Bf5 39.Nc3 Bd3 40.Rd2 Rdb8 41.Ra2 R8b6 42.Ke3  1/2-1/2

[Event "Budapest Statistika"]
[Site "Budapest"]
[Date "1995.??.??"]
[Round "4"]
[White "Hansen, Lars Henrik Bech"]
[Black "Niklasch, Oliver"]
[Result "0-1"]
[WhiteElo "2215"]
[BlackElo "2320"]

1.e4 c5 2.Nf3 e6 3.d4 cxd4 4.Nxd4 a6 5.Bd3 Nc6 6.Nxc6 dxc6 7.O-O e5 8.Kh1 Be6
9.f4 exf4 10.Bxf4 Ne7 11.Nd2 Ng6 12.Bg3 Be7 13.Bc4 Qc8 14.Qe2 b5 15.Bb3 O-O
16.c3 Re8 17.Qf2 Bf6 18.Rae1 Ne5 19.Bxe5 Bxe5 20.Bxe6 Qxe6 21.a3 Rad8 22.Nf3 Re7
23.Nxe5 Qxe5 24.Qb6 Qc7 25.Qxc7 Rxc7 26.Re2 Re7 27.g4 Rde8 28.Rfe1 g6 29.Kg2 Re5
30.Kf3 a5 31.b4 a4 32.Rd1 h5 33.h3 R8e6 34.c4 hxg4+ 35.hxg4 Kf8 36.c5 g5
37.Rd4 Rf6+ 38.Ke3 Rh6 39.Rf2 Ke7 40.Rd6 Ree6 41.Rd4 Rh4 42.Rd6 Rh3+ 43.Kd4 Rxa3
44.Rxe6+ Kxe6 45.e5 Rb3 46.Rf6+ Ke7 47.Rxc6 Rxb4+ 48.Kd5 a3 49.Rc7+ Kf8 50.Rc8+ Ke7
51.Rc7+ Kd8 52.Rxf7 a2 53.Rf1 Rb1 54.Kd6 Rxf1  0-1

[Event "Budapest FS03 IM-B"]
[Site "Budapest"]
[Date "1995.??.??"]
[Round "4"]
[White "Sziebert, Adam"]
[Black "Izsak, Gyula"]
[Result "0-1"]
[WhiteElo "2330"]
[BlackElo "2445"]

1.e4 c5 2.Nf3 e6 3.d4 cxd4 4.Nxd4 a6 5.Bd3 Qc7 6.O-O Nf6 7.Qe2 d6 8.c4 Be7
9.b3 O-O 10.Bb2 Nbd7 11.f4 b6 12.Nd2 Bb7 13.Rae1 Rad8 14.e5 dxe5 15.fxe5 Qxe5
16.Qxe5 Nxe5 17.Rxe5 Bc5 18.Rf4 Nd7 19.Rh5 g6 20.Rh3 e5 21.Rfh4 Nf6 22.b4 Bxd4+
23.Bxd4 exd4 24.Nb3 Rfe8 25.Rxd4 Rxd4 26.Nxd4 Re1+ 27.Kf2 Ra1 28.c5 Rxa2+
29.Ke1 bxc5 30.bxc5 Ra4 31.Nb3 Bxg2 32.Re3 Bd5 33.Bc2 Nd7 34.Re8+ Kg7 35.Re7 Bxb3
36.c6 Bxc2 37.cxd7 Rd4  0-1

[Event "Schneider mem op"]
[Site "Budapest"]
[Date "1995.??.??"]
[Round "6"]
[White "Istvandi, Lajos"]
[Black "Kozlov, Oleg"]
[Result "1-0"]
[WhiteElo "2335"]
[BlackElo "2395"]

1.e4 c5 2.Nf3 e6 3.d4 cxd4 4.Nxd4 a6 5.Bd3 Nc6 6.Nxc6 dxc6 7.Nd2 e5 8.Qh5 Bd6
9.Nc4 Nf6 10.Qe2 b5 11.Nxd6+ Qxd6 12.a4 O-O 13.O-O Bg4 14.f3 Be6 15.Be3 Nd7
16.Rfd1 Qe7 17.Qf2 Rfb8 18.axb5 axb5 19.Ba7 Rc8 20.Ra6 Nf6 21.Rda1 Qb7 22.Qb6 Qd7
23.Qc5 Qc7 24.Bb6 Rxa6 25.Rxa6 Qb7 26.Ra7 Qb8 27.Qe3 Nd7 28.Bc5 h6 29.h3 Rc7
30.Ra5 Rb7 31.Ra6 Qc8 32.Kh2 Rb8 33.Ra5 Ra8 34.b4 Ra6 35.Rxa6 Qxa6 36.Bd6 Qa1
37.f4 f6 38.Qg3 Qd4 39.fxe5 fxe5 40.Bc7 Kf7 41.Qf3+ Ke7 42.Qh5 Kf8 43.Qg6 Nf6
44.Qg3 Nd7 45.Qg6 Nf6 46.Qg3 Qxb4 47.Bxe5 Ne8 48.Qg6 Qe7 49.Bd4 Qd6+ 50.e5 Qxd4
51.Qxe6 Qf4+ 52.Kg1 Qe3+ 53.Kf1 Qg5 54.Qxc6 Qxe5 55.Qxb5 Qf4+ 56.Ke2 Nd6
57.Qd5 Ke7 58.c4 Qc1 59.Qe5+ Kd7 60.c5 Nf7  1-0

[Event "Budapest Hungaroil"]
[Site "Budapest"]
[Date "1995.??.??"]
[Round "7"]
[White "Rigo, Janos"]
[Black "Gaertner, Guntram"]
[Result "0-1"]
[WhiteElo "2310"]
[BlackElo "2275"]

1.e4 c5 2.Nf3 e6 3.d4 cxd4 4.Nxd4 a6 5.Bd3 Ne7 6.O-O Nbc6 7.c3 g6 8.Bg5 Bg7
9.Nxc6 bxc6 10.Bc2 d5 11.Ba4 Bd7 12.Re1 f6 13.exd5 cxd5 14.Be3 Bxa4 15.Qxa4+ Qd7
16.Qa3 Kf7 17.Nd2 Nf5 18.Bc5 Bf8 19.Nb3 Nd6 20.Rad1 Nc4 21.Qb4 Qb5 22.Re2 Qxb4
23.cxb4 Rc8 24.Bxf8 Rhxf8 25.Nc5 Rc6 26.b3 Na3 27.f4 Nb5 28.Rde1 Nc7 29.g4 Rb8
30.Nd3 Rc3 31.Rd2 d4 32.Re4 Rd8 33.Nc5 d3 34.Rc4 Nb5 35.Rxc3 Nxc3 36.Kf2 Nxa2
37.Nxd3 Nxb4 38.Ne5+ Ke7 39.Rxd8 Kxd8 40.Nc4 Kc7 41.Ke3 Kc6 42.Kd4 Nd5 43.g5 fxg5
44.fxg5 Nf4 45.Ke5 Nh3 46.Kf6 Kc5 47.Ne5 Nf4 48.Nd7+ Kd6 49.Nf8 e5 50.Nxh7 e4
51.Kf7 e3 52.Nf6 e2 53.Ne4+ Kc6  0-1

[Event "HUN-ch"]
[Site "Budapest"]
[Date "1995.??.??"]
[Round "9"]
[White "Varga, Zoltan"]
[Black "Farago, Ivan"]
[Result "1/2-1/2"]
[WhiteElo "2460"]
[BlackElo "2515"]

1.e4 c5 2.Nf3 e6 3.d4 cxd4 4.Nxd4 a6 5.Bd3 Nf6 6.O-O Qc7 7.Qe2 d6 8.c4 g6
9.Rd1 Bg7 10.Nc3 O-O 11.Nf3 Nc6 12.h3 b6 13.Be3 Nd7 14.Rac1 Nce5 15.Nxe5 Nxe5
16.b3 Bb7 17.Bb1 Rfe8 18.Qd2 Bf8 19.Na4 Nd7 20.Nxb6 Nxb6 21.Qa5 Nd5 22.Rxd5 Qxa5
23.Rxa5 Rec8 24.Rd1 Be7 25.Bd2 Bd8 26.Ra3 a5 27.Bf4 e5 28.Bd2 Bb6 29.Bd3 f5
30.exf5 e4 31.Be2 gxf5 32.b4 axb4 33.Rg3+ Kf7 34.Bxb4 d5 35.Bh5+ Ke6 36.Rg7 Rxc4
37.Rxb7 Rxb4 38.Bf7+ Kf6 39.Bxd5 Rd8 40.Rxh7 Rb2 41.g4 Bxf2+ 42.Kf1 f4 43.Rh6+ Kg7
44.Rh7+ Kf6 45.Rh6+ Kg7 46.Rg6+ Kxg6 47.Bxe4+ Kg5 48.Rxd8 Kh4 49.Rd3 Rxa2
50.Rc3 Be3 51.Rc2 Ra1+ 52.Kg2 Rg1+ 53.Kf3 Rg3+ 54.Ke2 Rxh3 55.g5 Kxg5 56.Bg2 Rh8
57.Kf3 Rb8 58.Ra2 Rb3 59.Ke4 Bb6 60.Re2 Kg4 61.Bh1 Rb4+ 62.Kd3 Rb1 63.Rh2 f3
64.Bxf3+ Kxf3 65.Rh3+ Kf4 66.Rh4+ Ke5 67.Rh5+ Kd6 68.Rh6+ Kd5 69.Rh5+ Kc6
70.Kc4 Rc1+ 71.Kd3 Bc5 72.Ke4 Re1+ 73.Kd3 Kb5 74.Rh4 Re3+ 75.Kd2 Re5 76.Rg4 Kc6
77.Rg3 Kd5 78.Kd3 Bd4 79.Rh3 Rg5 80.Rf3 Be5 81.Rh3 Rg1 82.Rf3 Ra1 83.Re3 Bd4
84.Rf3 Ra3+ 85.Ke2 Ra2+ 86.Kd3 Bg7 87.Rf5+ Be5 88.Rf3 Rb2 89.Re3 Bf4 90.Rf3 Ke5
91.Kc3 Rb8 92.Kd3 Rd8+ 93.Kc4 Ke4 94.Rf1 Rc8+ 95.Kb5 Be5 96.Rd1 Bd4 97.Rh1 Kd5
98.Rh5+ Be5 99.Rh6 Rc2 100.Rh4 Rg2 101.Kb4 Bd4 102.Ka4 Bc5 103.Rh1 Rg3 104.Rd1+ Kc6
105.Ra1 Rc3 106.Ra2 Kd5 107.Ra1 Kc4 108.Ra2 Bd4 109.Ra3 Rc2 110.Rh3 Rc1 111.Rg3 Rb1
112.Rh3 Rb4+ 113.Ka3 Rb5 114.Ka2  1/2-1/2